Chansons françaises par paroles commençant par F - Statistiques

Statistiques générales
  • Ce quiz a été pris 156 fois
  • Le résultat moyen est 9 sur 20
Statistiques - réponses
Hint Réponse % Correct
Donne-moi ton cœur baby Ton corps baby hey Donne-moi ton bon vieux funk Ton rock baby Ta soul baby hey Femme like U
87%
Oh tu t’es regardé Tu t’crois beau Parce que tu t’es marié Mais c’est qu’un anneau mec T’emballe pas Elle va t’larguer comme elles le font chaque fois Formidable
82%
Mange ta soupe, allez Brosse-toi les dents Touche pas ça, fais dodo Dis papa, dis maman Fais pas ci, fais pas ça
71%
Au fond de son lit un macho s'endort Qui ne l'aimera pas plus loin que l'aurore Mais elle s'en fout elle s'éclate quand même Et lui ronronne des tonnes de je t'aime Femme libérée
67%
Aïe on nous fait croire
Que le bonheur c'est d'avoir
De l'avoir plein nos armoires
Dérision de nous dérisoires car
Foule sentimentale
61%
On s’rend débiles
D’amour un temps
On se défile
Pourtant
Avant d’écrire le jour suivant
Mais volant de ville en ville
Vivons-nous vraiment
Mais volant de ville en ville
Vivons-nous vraiment
Les {filles d'aujourd'hui}
54%
On n’choisit ni son origine ni sa couleur de peau Comme on rêve d’une vie d’château quand on vit l’ghetto Naître l’étau autour du cou comme Cosette pour Hugo Naître en treillis dans l’conflit et prier l’très-haut Fils du C.O.N.G.O cette haine j’ai au M.I.C.R.O Face à la mer
53%
My daisy daisy daisy désirable Je suis malheureux d'avoir si peu de mots à t'offrir en cadeau Darling I love you love you darling I want you Et puis c'est à peu près tout For me formidable
52%
De mon ordre et de mon rang
Celle que j’ai choisie
Celle que je ressens
Dans cette armée de simples gens
Famille
47%
Tu regrettes tes écarts Mais maintenant c'est trop tard Mon vieux t'es un connard Avec un grand C Fallait pas commencer
46%
J'inventais des lettres à France En solitaire en silence Si je n'ai pas su l'écrire Je voulais simplement te dire Fan
40%
C’était un matin Ça sentait le café Tout était recouvert de givre Elle s’était cachée sous un livre Et la lune finissait ivre La {fée}
39%
Au bout de mes lèvres entrouvertes Pousse un framboisier rouge argenté Pourrais-tu m'embrasser Pour me le couper La {femme chocolat}
35%
Mais je suis seul dans l'univers J'ai peur du ciel et de l'hiver J'ai peur des fous et de la guerre J'ai peur du temps qui passe dis Comment peut-on vivre aujourd'hui Dans la fureur et dans le bruit Je ne sais pas je ne sais plus Je suis perdu Fais comme l'oiseau
32%
Quelquefois si douces Quand la vie me touche Comme nous tous Alors si douces Femmes je vous aime
29%
On connait tous la pression
Tu t’sens comme la reine du monde
Mais c’est qu’une impression
Les gens t’aiment pas pour de vrai
Tout le monde te trouve géniale
Alors que t’as rien fait
Flou
29%
Et ouais j'ai eu des amoureux Mais j'ai jamais trop su les garder J'avais des doutes un jour sur deux J'avoue je les ai toujours quittés Ils m'écoutaient jamais parler Ils m'entendaient jamais pleurer Les {filles les meufs}
27%
On arrive à la falaise, iconique Plus il y a de danger, plus je me sens à l'aise, ironique Et j'ai pensé mourir avec toi, cyanide J'entends toujours le son de ta voix qui m'invite, mon amour Feel good
25%
J'en aurai passé des jours À t'faire des chansons d'amour Au piano toutes mes gammes Au stylo tout mon game Jour après jour après jour Je n'sais que parler d'amour Toujours le même poème Flamme
11%
C’est O.K. Je suis fragile Presque sans défense Ne crois pas que c’est futile C’est ici que tout commence Facile
6%
Aucun quiz correspondant
Distribution des résultats
% des personnes avec chaque résultat
Percentile par nombre de réponses
Votre historique - résultats
Vous n’avez pas pris ce quiz